000
00321nam a22001457a 4500
008
210607b ||||| |||| 00| 0 eng d
020
_a
9781416029175
041
_a
eng
080
_a
615
082
_a
615
100
_a
5
101
_a
FAR
245
_a
Understanding Pharmacology
_c
M. Linda Workman
942
_2
udc
_c
BK
999
_c
58055
_d
58055